Microbiology for the health sciences / (Record no. 357594)
[ view plain ]
| 000 -LEADER | |
|---|---|
| fixed length control field | 00700nam a2200253Ia 4500 |
| 008 - FIXED-LENGTH DATA ELEMENTS--GENERAL INFORMATION | |
| fixed length control field | 180523s9999 xx 000 0 und d |
| 020 ## - INTERNATIONAL STANDARD BOOK NUMBER | |
| International Standard Book Number | 0-7817-6144-1 |
| 050 ## - LIBRARY OF CONGRESS CALL NUMBER | |
| Classification number | MAIN QR 41.2 |
| 050 ## - LIBRARY OF CONGRESS CALL NUMBER | |
| Item number | .B87 2004 |
| 100 ## - MAIN ENTRY--PERSONAL NAME | |
| Personal name | Burton, Gwendolyn R. W. |
| 245 #0 - TITLE STATEMENT | |
| Title | Microbiology for the health sciences / |
| 245 #0 - TITLE STATEMENT | |
| Statement of responsibility, etc | Gwendolyn R. W. Burton, Paul G. Engelkirk. |
| 250 ## - EDITION STATEMENT | |
| Edition statement | 7th Edition |
| 260 ## - PUBLICATION, DISTRIBUTION, ETC. (IMPRINT) | |
| Place of publication, distribution, etc | Philadelphia : |
| 260 ## - PUBLICATION, DISTRIBUTION, ETC. (IMPRINT) | |
| Name of publisher, distributor, etc | Lippincott Williams & Wilkins, |
| 260 ## - PUBLICATION, DISTRIBUTION, ETC. (IMPRINT) | |
| Date of publication, distribution, etc | 2004 |
| 300 ## - PHYSICAL DESCRIPTION | |
| Extent | 561 pages : |
| 300 ## - PHYSICAL DESCRIPTION | |
| Other physical details | illustrations ; |
| 300 ## - PHYSICAL DESCRIPTION | |
| Dimensions | 23 cm. |
| 500 ## - GENERAL NOTE | |
| General note | Includes index. |
| 650 ## - SUBJECT ADDED ENTRY--TOPICAL TERM | |
| Topical term or geographic name as entry element | Allied health personnel. |
| 650 ## - SUBJECT ADDED ENTRY--TOPICAL TERM | |
| Topical term or geographic name as entry element | Microbiology. |
| 650 ## - SUBJECT ADDED ENTRY--TOPICAL TERM | |
| General subdivision | Medical microbiology. |
| Withdrawn status | Lost status | Damaged status | Home library | Current library | Shelving location | Date acquired | Cost, normal purchase price | Total Checkouts | Full call number | Barcode | Date last seen | Price effective from | Koha item type |
|---|---|---|---|---|---|---|---|---|---|---|---|---|---|
| South Mansfield College | South Mansfield College | 01/20/2007 | 598.00 | MAIN QR 41.2 .B87 2004 | SMC03471 | 05/23/2018 | 05/23/2018 |